| 000 | 00921nam a2200325Ia 4500 | ||
|---|---|---|---|
| 001 | Z_6295 | ||
| 003 | CHAP | ||
| 008 | 220113s1992 xx 000 0 und d | ||
| 010 | _a169532 | ||
| 020 | _a968-884-162-5 | ||
| 040 | _cCHAP | ||
| 082 | _a551.5 A48 | ||
| 100 |
_aAlvarez Esperanza, Vicente _94909 |
||
| 245 |
_aCompendio de apuntes de meteorología: teoría / _cVicente Alvarez Esperanza |
||
| 260 |
_aChapingo, Edo. México : _bUACh. Departamento de Preparatoria Agrícola, _c1992 |
||
| 300 | _a169 p. | ||
| 503 | _aej.1: s/n | ||
| 504 | _aBibliografía: p.149 - 150 | ||
| 650 |
_aAtmósfera _98260 |
||
| 650 |
_aCirculación atmosférica _9144399 |
||
| 650 |
_aFactores climáticos _9144400 |
||
| 650 |
_aMeteorología _975191 |
||
| 710 | _aUACh: Departamento de Preparatoria Agrícola | ||
| 901 | _a551.5 A48 | ||
| 902 | _aM | ||
| 910 | _a1992 | ||
| 942 | _c1 | ||
| 942 | _cc1 | ||
| 999 |
_c169532 _d169532 |
||